| 000 | 00402nam a2200157Ia 4500 | ||
|---|---|---|---|
| 008 | 231011s9999 xx 000 0 und d | ||
| 020 | _a9781480000000 | ||
| 041 | _aeng | ||
| 082 | _a005.133/HAL/STA | ||
| 100 | _aHall, Timothy, 1968-; Stacey, J-P; SpringerLink | ||
| 245 | _aPython 3 for absolute beginners | ||
| 250 | _a1st | ||
| 260 |
_aNew York _bApess _c2023 |
||
| 300 | _a295 | ||
| 365 | _b899 | ||
| 999 |
_c882419 _d882419 |
||